| 000 | 00631nam a22002297a 4500 | ||
|---|---|---|---|
| 003 | OSt | ||
| 005 | 20150616151015.0 | ||
| 008 | 130605t xxu||||| |||| 00| 0 eng d | ||
| 020 | _a9810699611 | ||
| 050 |
_aHF 1017 _b.B489 2006 |
||
| 082 |
_aM 519.5 _bB297 2006 |
||
| 100 | _aBerenson, Mark L. | ||
| 245 |
_aBasic business statistics : _bconcepts and applications / _cMark L. Berenson. |
||
| 250 | _a10th ed. | ||
| 260 |
_aBoston : _bPrentice Hall, _c2006. |
||
| 300 |
_a851 pages : _billustrations ; _c29 cm. |
||
| 526 | _c1210L-1700L | ||
| 562 | _e1 | ||
| 650 | _aStatistics. | ||
| 942 |
_2lcc _cBK |
||
| 999 |
_c16709 _d16709 |
||